[Event "SWVG Arnold Classic Prestige All 2019"]
[Site "Sandton"]
[Date "2019.05.18"]
[Round "3.3"]
[White "Mnguni, Jacob Dumisani"]
[Black "Mabusela, Johannes Manyedi"]
[Result "1/2-1/2"]
[WhiteElo "2141"]
[BlackElo "2220"]
[Annotator "NA"]
[PlyCount "124"]
[EventDate "2019.05.18"]
[EventType "swiss"]
[EventCountry "RSA"]
[SourceTitle "playchess.com"]
[Source "ChessBase"]
[SourceQuality "1"]
[TimeControl "1500+10"]

{[%evp 48,124,-189,32767,-155,-170,-152,32767,-156,-152,86,32767,177,32767,32767,221,252,23,128,32767,273,298,430,131,124,137,131,119,155,77,32767,122,152,200,188,192,162,32767,32767,80,86,93,249,34,35,22,22,33,19,16,33,28,19,22,24,40,27,33,24,22,32767,40,33,0,42,40,32767,33,18,27,40,40,32767,46,32767,27,39,0,39]} 1. c4 {[%emt 0:00:00]} e6 {[%emt 0:00:09]} 2. g3 {[%emt 0:00:00]} d5 {[%emt 0:00:02]} 3. Bg2 {[%emt 0:00:00]} Nf6 {[%emt 0:00:01]} 4. Nf3 {[%emt 0:00:02]} dxc4 {[%emt 0:00:19]} 5. O-O {[%emt 0:00:03]} c5 {[%emt 0:00:17]} 6. Na3 {[%emt 0:00:07]} Nc6 {[%emt 0:00:05]} 7. Nxc4 {[%emt 0:00:03]} Bd7 {[%emt 0:00:05] A13: English Opening: 1...e6} 8. d3 $146 {[%emt 0:00:11]} ({Predecessor:} 8. d4 cxd4 9. Nxd4 Nxd4 10. Qxd4 Bb5 11. Qxd8+ Rxd8 12. b3 b6 13. Bg5 Bc5 14. Rfc1 h6 15. Bxf6 gxf6 {½-½ (40) Kreisl,R (2419)-Boensch,U (2528) Austria 2012}) 8... Be7 {[%emt 0:00:07]} 9. Bf4 {[%emt 0:00:02]} O-O {[%emt 0:00:21]} 10. a4 {[%emt 0:01:10]} Nd5 {[%emt 0:00:16]} 11. Bd6 {[%emt 0:00:12]} Bxd6 {[%emt 0:00:26]} 12. Nxd6 {[%emt 0:00:03]} Qe7 {[%emt 0:00:21]} 13. Nc4 {[%emt 0:00:18]} Rfd8 {[%emt 0:00:22]} 14. Qb3 {[%emt 0:00:29]} b6 {[%emt 0:00:05]} 15. Rfd1 {[%emt 0:00:14]} Rab8 {[%emt 0:00:16]} 16. Nfe5 {[%emt 0:00:20]} Nd4 {[%emt 0:00:05]} 17. Qa2 {[%emt 0:00:23]} Nb4 {[%emt 0:00:30]} 18. Qb1 {[%emt 0:00:05]} Ndc2 {[%emt 0:00:50]} 19. Nxd7 {[%emt 0:00:10]} Qxd7 {[%emt 0:00:40]} 20. b3 {[%emt 0:05:12]} Nxa1 {[%emt 0:00:09]} 21. Qxa1 {[%emt 0:00:01]} Qd4 {[%emt 0:00:57]} 22. Qb1 {[%emt 0:00:01]} a6 {[%emt 0:00:17]} 23. Rc1 {[%emt 0:01:28]} g6 {[%emt 0:02:50]} 24. h4 {[%emt 0:00:08]} f5 {[%emt 0:02:32]} 25. Nd2 {[%emt 0:00:43]} Nd5 {[%emt 0:01:16]} 26. Rc4 {[%emt 0:00:47]} Qf6 {[%emt 0:00:02]} 27. Qc1 {[%emt 0:00:24]} a5 {[%emt 0:02:06]} 28. Nf3 {[%emt 0:03:09]} Rd6 $2 {[%emt 0:00:20]} (28... e5 $17 {stays on course.} 29. Qh6 Rb7) 29. e4 {[%emt 0:00:18]} Qe7 {[%emt 0:01:50]} (29... fxe4 $1 $14 30. dxe4 {[#]} Nf4 $1 {[%mdl 512]} 31. Qxf4 (31. gxf4 Rbd8 $11) 31... Qxf4 32. gxf4 Rd3) 30. exd5 {[%emt 0:00:07]} exd5 {[%emt 0:00:08] [#]} 31. Rf4 $1 {[%emt 0:00:20]} d4 {[%emt 0:00:18] [#]} 32. Nd2 $2 {[%emt 0:01:00]} ({White should try} 32. h5 $1 $18 {[%mdl 512]}) 32... Kg7 {[%emt 0:00:03]} (32... Rf8 $11 {keeps the balance.}) 33. h5 {[%emt 0:01:24]} Qe2 {[%emt 0:00:20]} (33... Rf8 $16) 34. hxg6 hxg6 {[%emt 0:00:01]} 35. Bf1 $2 {[%emt 0:01:34]} (35. Rh4 $18 {and White stays clearly on top.} Rdd8 {[#]} 36. Ne4 $1 {[%mdl 512]}) 35... Qe7 {[%emt 0:00:13]} 36. Nc4 {[%emt 0:00:07]} Re6 {[%emt 0:00:03]} 37. Rh4 {[%emt 0:01:19]} g5 {[%emt 0:00:02]} 38. Rh2 {[%emt 0:00:26]} (38. Rh5 $142 Rg6 39. f4) 38... Re8 {[%emt 0:01:24]} 39. Qd1 {[%emt 0:00:51]} Qf7 {[%emt 0:01:50] [#]} 40. Qf3 $1 {[%emt 0:00:34]} Rh8 {[%emt 0:02:16]} 41. Rxh8 {[%emt 0:00:12]} Kxh8 {[%emt 0:00:01]} 42. Bh3 {[%emt 0:00:39]} Rf6 {[%emt 0:01:36] [#]} 43. Ne5 {[%emt 0:01:12]} (43. g4 $1 $18 {has better winning chances.}) 43... Qe8 {[%emt 0:00:26]} 44. Qd5 {[%emt 0:00:11]} Qe6 $2 {[%emt 0:00:42]} (44... g4 $16 {was worth a try.}) 45. Qxe6 $2 {[%emt 0:01:32]} (45. Qd8+ $18 Kh7 46. Nd7 Qe1+ 47. Bf1 (47. Kg2 Rf7 $18)) 45... Rxe6 {[%emt 0:00:01]} 46. f4 {[%emt 0:00:01]} g4 {[%emt 0:00:26]} 47. Bg2 {[%emt 0:00:05]} Kg7 {[%emt 0:00:01]} 48. Bd5 {[%emt 0:00:40]} Rh6 {[%emt 0:00:05]} 49. Kg2 {[%emt 0:00:08]} Kf6 {[%emt 0:00:07]} 50. Bc4 {[%emt 0:00:32]} Ke7 {[%emt 0:00:14]} 51. Ba6 {[%emt 0:00:19]} Rf6 {[%emt 0:00:31]} 52. Bc8 {[%emt 0:00:19]} Kd8 {[%emt 0:00:11]} 53. Bd7 {[%emt 0:00:04]} Ke7 {[%emt 0:00:05]} 54. Bb5 {[%emt 0:00:58]} Rh6 {[%emt 0:00:15]} 55. Ba6 {[%emt 0:00:22]} Rf6 {[%emt 0:00:03]} 56. Kf2 {[%emt 0:00:22]} Kd8 {[%emt 0:00:24]} 57. Bc4 {[%emt 0:00:13]} Ke7 $11 {[%emt 0:00:02]} 58. Bd5 {[%emt 0:00:31]} Kd6 {[%emt 0:00:11]} 59. Bg8 {[%emt 0:00:51]} Ke7 {[%emt 0:00:14]} 60. Kg2 {[%emt 0:00:05]} Rh6 {[%emt 0:00:14]} 61. Bf7 {[%emt 0:00:24]} Rf6 {[%emt 0:00:53]} 62. Bc4 {[%emt 0:00:17]} Kd8 {[%emt 0:00:06]} 1/2-1/2

[Event "SWVG Arnold Classic Prestige All 2019"]
[Site "Sandton"]
[Date "2019.05.18"]
[Round "3.4"]
[White "Zwakala, Ntando"]
[Black "Oatlhotse, Providence"]
[Result "1-0"]
[WhiteElo "2088"]
[BlackElo "2289"]
[Annotator "NA"]
[PlyCount "129"]
[EventDate "2019.05.18"]
[EventType "swiss"]
[EventCountry "RSA"]
[SourceTitle "playchess.com"]
[Source "ChessBase"]
[SourceQuality "1"]
[TimeControl "1500+10"]

1. e4 {[%emt 0:00:00]} c6 {[%emt 0:00:00]} 2. d3 {[%emt 0:00:18]} d5 {[%emt 0:00:00]} 3. Nd2 {[%emt 0:00:01]} e5 {[%emt 0:00:24]} 4. Ngf3 {[%emt 0:00:03]} Nd7 {[%emt 0:00:49]} 5. d4 {[%emt 0:00:52]} (5. g3 Bd6 6. Bg2 Ne7 7. O-O O-O 8. Re1 Re8 9. b3 d4 10. Nc4 Bc7 11. a4 c5 12. Rf1 Nc6 13. Nh4 Nf8 14. Nf5 Ng6 15. h4 Nge7 {1-0 (64) Andriasian,Z (2603)-Le,Q (2715) chess.com INT 2018}) 5... dxe4 {[%emt 0:00:31]} 6. Nxe4 {[%emt 0:00:04] B10: Caro-Kann: 2 d3 and 2 c4} exd4 {[%emt 0:00:06]} 7. Qxd4 {[%emt 0:00:17]} Ngf6 {[%emt 0:00:16]} 8. Nd6+ {[%emt 0:00:58]} Bxd6 {[%emt 0:00:08]} 9. Qxd6 {[%emt 0:00:02]} Ne4 $146 {[%emt 0:00:52]} ({Predecessor:} 9... Nd5 10. Bg5 Qa5+ 11. Bd2 Qc5 12. Qxc5 Nxc5 {½-½ (31) Just,B-Jordaan,W IECG email 2003}) 10. Qd4 {[%emt 0:00:34]} O-O {[%emt 0:00:14]} 11. Be3 {[%emt 0:00:08]} Ndf6 {[%emt 0:00:28]} 12. Bd3 {[%emt 0:00:34]} Qxd4 {[%emt 0:01:42]} 13. Bxd4 {[%emt 0:01:35]} Bg4 {[%emt 0:01:09]} 14. O-O-O {[%emt 0:01:41]} h6 {[%emt 0:01:28]} 15. h3 {[%emt 0:00:16]} Bh5 {[%emt 0:00:48]} 16. g4 {[%emt 0:00:33]} Bg6 {[%emt 0:00:04]} 17. Ne5 {[%emt 0:01:06]} Bh7 {[%emt 0:01:51]} 18. h4 {[%emt 0:05:01]} Rae8 $2 {[%emt 0:02:55] [#]} (18... Rfe8 $1 $11 {and Black is okay.}) 19. f4 {[%emt 0:01:32]} (19. Bxe4 $1 $18 {is more deadly.} Bxe4 20. Rhe1) 19... c5 {[%emt 0:04:03]} 20. Bg1 {[%emt 0:02:48]} b6 {[%emt 0:02:12]} (20... h5 $1 $14) 21. g5 {[%emt 0:03:28]} Nh5 {[%emt 0:00:10]} (21... Ng3 $1 $14) 22. Nd7 {[%emt 0:01:03]} c4 $2 {[%emt 0:04:32]} (22... Neg3 $16) 23. Bxc4 {[%emt 0:01:02]} ({Less strong is} 23. Nxf8 cxd3 24. Nxh7 d2+ 25. Kb1 Kxh7 $16) 23... Neg3 {[%emt 0:00:21]} 24. Rh2 {[%emt 0:00:48]} Nxf4 {[%emt 0:00:26]} 25. Nxf8 {[%emt 0:00:11]} Kxf8 {[%emt 0:00:03]} 26. Rf2 {[%emt 0:00:43]} Re4 {[%emt 0:00:58]} 27. b3 {[%emt 0:00:08]} Bg6 $2 {[%emt 0:00:23]} (27... hxg5 {was called for.} 28. hxg5 Nge2+ 29. Bxe2 Nxe2+ 30. Kb2 Nxg1) 28. gxh6 {[%emt 0:00:25]} gxh6 {[%emt 0:00:00]} 29. Bh2 {[%emt 0:00:05]} Ngh5 {[%emt 0:00:57]} 30. Rdf1 {[%emt 0:00:38]} Nh3 {[%emt 0:00:55]} 31. Rf3 {[%emt 0:00:28]} Rxh4 {[%emt 0:00:04]} 32. Bxf7 {[%emt 0:00:23]} Kg7 {[%emt 0:00:16]} 33. Be5+ {[%emt 0:00:16]} Kh7 {[%emt 0:00:01] [#]} 34. Bxg6+ {[%emt 0:00:18]} (34. Bg8+ $142 $1 {[%mdl 512]} Kxg8 35. Rf8+ Kh7 36. Rh8#) 34... Kxg6 {[%emt 0:00:01]} 35. Rf7 {[%emt 0:00:08]} Re4 {[%emt 0:00:24]} 36. Bb8 {[%emt 0:00:30]} a6 {[%emt 0:00:36]} 37. Rb7 {[%emt 0:00:16]} Re6 {[%emt 0:00:04]} 38. Rd1 {[%emt 0:00:18]} Nf6 {[%emt 0:00:53]} 39. Rd6 {[%emt 0:00:16]} Rxd6 {[%emt 0:00:12]} 40. Bxd6 {[%emt 0:01:53]} b5 41. Rb6 {[%emt 0:00:00]} Ng5 {[%emt 0:00:09]} 42. Be5 {[%emt 0:00:00]} Nge4 {[%emt 0:00:04]} 43. Rxa6 {[%emt 0:00:00]} h5 {[%emt 0:00:08]} 44. Rb6 {[%emt 0:00:00]} h4 $18 {[%emt 0:00:06]} 45. Rxb5 {[%emt 0:00:00]} h3 {[%emt 0:00:09]} 46. a4 {[%emt 0:00:00]} Ng4 {[%emt 0:00:48]} 47. Bc7 {[%emt 0:00:00]} Nc3 {[%emt 0:00:00]} 48. Rb6+ {[%emt 0:00:00]} Kf7 {[%emt 0:00:20]} 49. Rb7 {[%emt 0:00:15]} Kg6 {[%emt 0:00:00]} 50. a5 {[%emt 0:00:04]} Nd5 {[%emt 0:00:04]} 51. Bg3 {[%emt 0:00:09]} Nc3 {[%emt 0:00:11]} 52. Bb8 {[%emt 0:00:13]} Ne2+ {[%emt 0:00:12]} 53. Kd2 {[%emt 0:00:03]} Nd4 {[%emt 0:00:10]} 54. a6 {[%emt 0:00:03]} Nf3+ {[%emt 0:00:02]} 55. Ke2 {[%emt 0:00:45]} Nd4+ {[%emt 0:00:31]} 56. Kf1 {[%emt 0:00:32]} Ne3+ {[%emt 0:00:00]} 57. Kf2 {[%emt 0:00:11]} Ng4+ {[%emt 0:00:00]} 58. Ke1 {[%emt 0:00:11]} Nf3+ {[%emt 0:00:06]} 59. Kd1 {[%emt 0:00:06]} Nfe5 {[%emt 0:00:20]} 60. Rb6+ {[%emt 0:00:04]} Kg5 {[%emt 0:00:12]} 61. Bxe5 {[%emt 0:00:16]} Nxe5 {[%emt 0:00:04]} 62. a7 {[%emt 0:00:03]} h2 {[%emt 0:00:07]} 63. a8=Q {[%emt 0:00:04]} Ng4 {[%emt 0:00:02]} 64. Qg2 {[%emt 0:00:09]} Kh4 {[%emt 0:00:26]} 65. Rb4 {[%emt 0:00:06]} 1-0

[Event "SWVG Arnold Classic Prestige All 2019"]
[Site "Sandton"]
[Date "2019.05.18"]
[Round "3.5"]
[White "Mwale, Joseph"]
[Black "Cawdery, Daniel"]
[Result "1/2-1/2"]
[WhiteElo "2274"]
[BlackElo "2428"]
[Annotator "TA"]
[PlyCount "94"]
[EventDate "2019.05.18"]
[EventType "swiss"]
[EventCountry "RSA"]
[SourceTitle "playchess.com"]
[Source "ChessBase"]
[SourceQuality "1"]

{[%evp 17,94,0,0,4,8,0,0,0,-6,-8,2,-38,-7,-21,-20,-38,-20,-16,-18,-41,-33,-39,-45,-163,-41,-53,-33,-36,-48,-60,-44,-60,-46,-48,-36,-44,-49,-165,-148,-220,-249,-203,-37,-32,-37,-36,-22,-40,-25,-39,-47,-27,-25,-175,-32,-180,-183,-287,-207,-559,-585,-572,-465,-503,-472,-463,-425,-510,-492,-568,-558,-461,-207,-29977,-29978,-29982,-29983,-29991,-6414]} 1. e4 c5 2. f4 Nc6 3. Nf3 g6 4. Nc3 Bg7 5. Bb5 Nd4 6. O-O a6 7. Bd3 d6 8. Nxd4 cxd4 9. Ne2 Nf6 10. c3 {B23: Closed Sicilian: Lines without g3} (10. Kh1 e5 11. c3 O-O 12. cxd4 exd4 13. Ng3 Re8 14. f5 d5 15. exd5 Qxd5 16. b3 b5 17. Be2 Bb7 18. Bf3 {½-½ (31) Skoberne,J (2549)-Schlosser,P (2579) Austria 2013}) 10... dxc3 11. dxc3 O-O 12. Ng3 {The position is equal.} b5 13. Qe2 Qc7 14. Kh1 $146 ({Predecessor:} 14. a4 Bg4 15. Qf2 Bd7 16. axb5 Bxb5 17. Qe2 {½-½ (17) Simons,M (2008)-Freeman,R (2012) Hull 2018}) 14... Bg4 15. Qf2 Be6 16. Re1 Rfb8 17. a3 a5 18. Bd2 Nd7 19. Qe2 Bc4 20. Rac1 ({Better is} 20. Be3 $15) 20... e6 (20... Nc5 $19 21. Bxc4 bxc4 22. Qxc4 Rxb2) 21. Rc2 d5 22. exd5 exd5 23. Qf3 Nc5 24. Bxc4 dxc4 25. f5 $1 Nd3 26. Rf1 Re8 27. fxg6 (27. Be3 $15) 27... hxg6 $19 28. Ne4 (28. Bf4 $17 Qxf4 29. Qxf4 Nxf4 30. Rxf4) 28... Ra6 29. Bg5 f5 $2 (29... Re5 $19 {Hoping for ...Rae6.} 30. Bh4 Rf5) 30. Nf2 $1 $15 Rd6 {And now ...Ne1 would win.} 31. Re2 Qf7 32. h4 b4 $36 {[%mdl 2048] Black has the initiative.} 33. axb4 Rxe2 34. Qxe2 axb4 35. Nd1 (35. cxb4 $11 {and White stays safe.} Nxb2 36. Ra1) 35... Qe6 (35... b3 $19 36. Nf2 Bf6 37. Nxd3 cxd3) 36. Qd2 (36. Qxe6+ $15 Rxe6 37. cxb4) 36... b3 $19 37. Ne3 (37. Nf2 {might work better.}) 37... Bf6 {Strongly threatening ...Nxb2!} 38. Ra1 $2 (38. Nd1) 38... Bxg5 39. hxg5 f4 40. Ra8+ Kf7 41. Ra7+ Ke8 42. Ra8+ Kd7 43. Ra7+ Kc8 44. Nf1 Rd7 (44... Qe5 $142 {...Qc5 is the strong threat.} 45. Ra4 Qd5) 45. Ra4 $2 {[#]} (45. Rxd7 $19 Kxd7 46. Qd1) 45... Qc6 $1 {[%mdl 512] Black mates.} 46. Ra5 Qb6 47. Ra4 Nf2+ {[%mdl 32768] Accuracy: White = 29%, Black = 48%. . An unexpected result.} (47... Rh7+ $142 48. Nh2 Nf2+ 49. Qxf2 Qxf2 50. Rxc4+ Kd7 51. Rd4+ Ke6 52. Re4+ {[#]} Kf5 $1 {[%mdl 576] Double Attack} 53. Rxf4+ {[%mdl 64] Remove Defender} Kxf4 54. g3+ Qxg3 55. c4 Rxh2#) 1/2-1/2

[Event "SWVG Arnold Classic Prestige All 2019"]
[Site "Sandton"]
[Date "2019.05.18"]
[Round "3.6"]
[White "Khumalo, Keith"]
[Black "Oosthuizen, Michal Jacobus"]
[Result "1-0"]
[WhiteElo "2086"]
[BlackElo "1512"]
[Annotator "NA RC"]
[PlyCount "95"]
[EventDate "2019.05.18"]
[EventType "swiss"]
[EventCountry "RSA"]
[SourceTitle "playchess.com"]
[Source "ChessBase"]
[SourceQuality "1"]
[TimeControl "1500+10"]

1. d4 {[%emt 0:00:00]} Nf6 {[%emt 0:00:00]} 2. c4 {[%emt 0:00:00]} e6 {[%emt 0:00:00]} 3. Nf3 {[%emt 0:00:00]} c6 {[%emt 0:00:00]} 4. g3 {[%emt 0:00:00]} d5 {[%emt 0:00:07]} 5. Qc2 {[%emt 0:00:01]} b6 {[%emt 0:00:00]} 6. Bg2 {[%emt 0:00:01]} Ba6 {[%emt 0:00:00]} 7. Nbd2 {[%emt 0:00:02]} Nbd7 {[%emt 0:00:00]} 8. O-O {[%emt 0:00:02]} Be7 {[%emt 0:00:02]} 9. Rd1 {[%emt 0:00:08]} O-O {[%emt 0:00:08]} 10. b3 {[%emt 0:00:06]} Rc8 {[%emt 0:00:04]} 11. e4 {[%emt 0:00:02]} dxe4 {[%emt 0:00:07]} 12. Nxe4 {[%emt 0:00:01]} Nxe4 {[%emt 0:00:02]} 13. Qxe4 {[%emt 0:00:01]} Nf6 {[%emt 0:00:01] E09: Closed Catalan: Main Line: 7 Qc2 c6 8 Nbd2} (13... b5 14. Qc2 bxc4 15. bxc4 c5 16. Ne5 cxd4 17. Rxd4 Nxe5 18. Rxd8 Rfxd8 19. Bf4 Rxc4 20. Qb3 Nd3 21. Be3 {1-0 (36) Gajewski,G (2607)-Babula,V (2566) Wroclaw 2011}) 14. Qe2 {[%emt 0:00:01]} Qc7 {[%emt 0:01:48]} 15. Bf4 {[%emt 0:00:02]} Bd6 {[%emt 0:00:05]} 16. Ne5 {[%emt 0:00:07]} Bxe5 $146 {[%emt 0:00:33]} ({Predecessor:} 16... Nd5 17. Bd2 Ne7 18. Bc3 f6 19. Nd3 Qd7 20. Re1 Kf7 21. Rad1 {1-0 (32) Svitil,R (1798)-Jirka,J (1724) ICCF email 2015}) 17. Bxe5 {[%emt 0:00:54]} Qe7 {[%emt 0:00:03]} 18. g4 {[%emt 0:00:14]} c5 {[%emt 0:00:25]} 19. dxc5 {[%emt 0:00:03]} Rxc5 {[%emt 0:00:05]} 20. Bd6 {[%emt 0:00:01]} Qe8 {[%emt 0:00:43]} 21. Bxc5 {[%emt 0:00:08]} bxc5 {[%emt 0:00:03]} 22. g5 {[%emt 0:00:04]} Nd7 {[%emt 0:01:27]} 23. Bc6 {[%emt 0:00:02]} Bc8 {[%emt 0:00:02]} 24. Qd2 {[%emt 0:00:03]} Qe7 {[%emt 0:00:07]} 25. f4 {[%emt 0:00:10]} Nb8 {[%emt 0:00:41]} 26. Qd6 {[%emt 0:00:14]} Nxc6 {[%emt 0:00:08]} 27. Qxc6 {[%emt 0:00:01]} f6 {[%emt 0:00:38]} 28. Qd6 {[%emt 0:00:05]} Qf7 {[%emt 0:00:19]} 29. Qxc5 {[%emt 0:00:16]} fxg5 {[%emt 0:00:05]} 30. Qxg5 {[%emt 0:00:02]} Qc7 {[%emt 0:00:39]} 31. Rd4 {[%emt 0:00:12]} Rf6 {[%emt 0:00:38]} 32. Qe5 {[%emt 0:00:11]} Rg6+ {[%emt 0:00:07]} 33. Kf2 {[%emt 0:00:09]} Qe7 {[%emt 0:00:24]} 34. Rf1 {[%emt 0:02:27]} Qh4+ {[%emt 0:00:13]} 35. Ke3 {[%emt 0:00:02]} Qh3+ {[%emt 0:02:13]} 36. Rf3 {[%emt 0:00:03]} Qh4 {[%emt 0:00:02]} 37. Rd1 {[%emt 0:00:07]} Qe7 {[%emt 0:02:13]} 38. Qd4 {[%emt 0:00:13]} Kf7 {[%emt 0:01:06]} 39. Qd6 {[%emt 0:00:13]} Qb7 {[%emt 0:00:47]} 40. c5 {[%emt 0:00:16]} Rg2 {[%emt 0:01:21]} 41. Rf2 {[%emt 0:00:50]} Rxf2 {[%emt 0:02:37]} 42. Kxf2 {[%emt 0:00:07]} Qe4 {[%emt 0:00:07]} 43. Qc7+ {[%emt 0:00:11]} Kg6 {[%emt 0:00:12]} 44. Rg1+ {[%emt 0:00:03]} Kh5 {[%emt 0:00:07]} 45. Qf7+ {[%emt 0:00:18]} Kh4 {[%emt 0:00:25]} 46. Qe7+ {[%emt 0:00:02]} Kh3 {[%emt 0:00:11]} 47. Rg3+ {[%emt 0:00:01]} Kxh2 {[%emt 0:00:02]} 48. Qh4# {[%emt 0:00:11]} 1-0

[Event "SWVG Arnold Classic Prestige All 2019"]
[Site "Sandton"]
[Date "2019.05.18"]
[Round "3.7"]
[White "Van Der Walt, Pierre E."]
[Black "Bhawoodien, Shabir Hussain"]
[Result "0-1"]
[WhiteElo "1993"]
[BlackElo "2020"]
[Annotator "NA"]
[PlyCount "88"]
[EventDate "2019.05.18"]
[EventType "swiss"]
[EventCountry "RSA"]
[SourceTitle "playchess.com"]
[Source "ChessBase"]
[SourceQuality "1"]
[TimeControl "1500+10"]

1. e4 {[%emt 0:00:00]} c5 {[%emt 0:00:00]} 2. Nc3 {[%emt 0:00:00]} g6 {[%emt 0:00:00]} 3. f4 {[%emt 0:00:00]} Bg7 {[%emt 0:00:00]} 4. Nf3 {[%emt 0:00:00]} Nc6 {[%emt 0:00:13]} 5. Bb5 {[%emt 0:00:00]} Nd4 {[%emt 0:00:13]} 6. O-O {[%emt 0:00:03]} Nxb5 {[%emt 0:00:05]} 7. Nxb5 {[%emt 0:00:01]} a6 {[%emt 0:00:23]} 8. Nc3 {[%emt 0:00:01]} b5 {[%emt 0:00:03] B23: Closed Sicilian: Lines without g3} 9. d3 {[%emt 0:00:51]} Bb7 {[%emt 0:00:08]} 10. Qe1 {[%emt 0:00:31]} d6 {[%emt 0:02:57]} (10... Nf6 11. a3 Rc8 12. Bd2 d6 13. Qh4 Qd7 14. h3 d5 15. exd5 Nxd5 16. Rae1 e6 17. Ne4 Qe7 18. Qxe7+ {½-½ (18) Pirs,M (2534)-Vesely,P (2581) ICCF email 2014}) 11. f5 {[%emt 0:01:09]} Nf6 {[%emt 0:02:30]} 12. Qh4 {[%emt 0:01:40]} b4 {[%emt 0:02:08]} 13. Ne2 {[%emt 0:00:26]} Nd7 $146 {[%emt 0:01:02]} ({Predecessor:} 13... Qc7 14. Bh6 Bxh6 15. Qxh6 O-O-O 16. Ng5 {0-1 (51) Fugmann,B (1991)-Hobusch,W (2111) Bad Neuenahr 2014}) 14. Rb1 {[%emt 0:03:14]} Bf6 {[%emt 0:03:22]} 15. Qh6 {[%emt 0:01:24]} (15. Qh3 $14) 15... d5 {[%emt 0:03:51]} 16. Ng3 {[%emt 0:02:31]} Ne5 {[%emt 0:00:59]} 17. Bg5 {[%emt 0:03:36]} Nxf3+ {[%emt 0:03:20]} 18. Rxf3 {[%emt 0:02:43]} Bxg5 {[%emt 0:01:53]} 19. Qxg5 {[%emt 0:00:11]} h6 {[%emt 0:00:19]} (19... dxe4 $11 {remains equal.} 20. Nxe4 Bxe4 21. dxe4 Qd4+ 22. Kh1 Qe5) 20. Qe3 {[%emt 0:01:25]} d4 {[%emt 0:00:18]} 21. Qf4 {[%emt 0:00:25]} Qb8 $1 {[%emt 0:00:14]} 22. Qg4 {[%emt 0:01:21]} Qd6 {[%emt 0:01:22]} 23. Rbf1 {[%emt 0:02:08]} h5 {[%emt 0:01:15]} ({Black should try} 23... g5) 24. Qh4 {[%emt 0:00:15]} O-O-O {[%emt 0:00:13]} 25. fxg6 {[%emt 0:05:15]} fxg6 26. Qf4 $2 {[%emt 0:00:00]} (26. Rf7 $18) 26... h4 {[%emt 0:00:56]} (26... Qxf4 $1 $11 {remains equal.} 27. Rxf4 Kd7) 27. Qxd6 {[%emt 0:00:00]} ({Better is} 27. Ne2 $16) 27... exd6 {[%emt 0:00:04]} 28. Ne2 {[%emt 0:00:00]} d5 {[%emt 0:00:01]} 29. e5 {[%emt 0:00:00]} Rhe8 {[%emt 0:00:28]} 30. Rf6 {[%emt 0:00:00]} (30. Nf4 $142) 30... Rxe5 {[%emt 0:00:13] [#]} 31. Nf4 $1 {[%emt 0:00:00]} c4 {[%emt 0:00:55]} ({Better is} 31... g5 32. Ne6 {[%mdl 64] Double Attack} Re8 33. Nxc5 {[%mdl 64] Discovered Attack} Re2) 32. Nxg6 {[%emt 0:00:00]} Re3 {[%emt 0:00:31]} 33. R6f3 {[%emt 0:00:00]} Re2 {[%emt 0:00:02]} 34. R3f2 {[%emt 0:00:00]} Re3 {[%emt 0:00:04]} 35. Nf4 $2 {[%emt 0:00:37]} ({Better is} 35. Nxh4 $18 cxd3 36. Nf5) 35... Rg8 {[%emt 0:00:21]} 36. Rf3 {[%emt 0:00:16]} Kd7 {[%emt 0:00:17]} 37. Kf2 {[%emt 0:00:32]} Rge8 {[%emt 0:00:06]} 38. h3 {[%emt 0:00:13]} Kd6 {[%emt 0:00:00]} 39. Kg1 {[%emt 0:00:07]} Kc5 {[%emt 0:00:10]} 40. Ng6 {[%emt 0:00:09]} a5 $11 {[%emt 0:00:13]} 41. Nxh4 {[%emt 0:00:07]} Ba6 {[%emt 0:00:06]} 42. Nf5 {[%emt 0:00:04]} Re2 {[%emt 0:00:05]} 43. R1f2 {[%emt 0:00:55]} Re1+ {[%emt 0:00:50]} 44. Kh2 {[%emt 0:00:10]} a4 {[%emt 0:00:10]} 0-1

[Event "SWVG Arnold Classic Prestige All 2019"]
[Site "Sandton"]
[Date "2019.05.18"]
[Round "3.8"]
[White "Erlank, Warrick"]
[Black "Meiboom, Cornelis"]
[Result "1-0"]
[WhiteElo "2006"]
[BlackElo "1788"]
[Annotator "NA RC"]
[PlyCount "58"]
[EventDate "2019.05.18"]
[EventType "swiss"]
[EventCountry "RSA"]
[SourceTitle "playchess.com"]
[Source "ChessBase"]
[SourceQuality "1"]
[TimeControl "1500+10"]

1. e4 {[%emt 0:00:00]} c5 {[%emt 0:00:00]} 2. Nf3 {[%emt 0:00:00]} e6 {[%emt 0:00:00]} 3. d4 {[%emt 0:00:00]} cxd4 {[%emt 0:00:00]} 4. Nxd4 {[%emt 0:00:03]} Nf6 {[%emt 0:00:00]} 5. Nc3 {[%emt 0:00:09]} d6 {[%emt 0:00:00]} 6. Be3 {[%emt 0:00:08]} Nc6 {[%emt 0:00:01]} 7. f3 {[%emt 0:00:10]} Be7 {[%emt 0:00:03]} 8. Qd2 {[%emt 0:00:10]} d5 {[%emt 0:00:01] B80: Sicilian Scheveningen: 6 g3 and 6 Be3, including English Attack} (8... O-O 9. O-O-O d5 10. Be2 dxe4 11. Nxc6 bxc6 12. Qxd8 Bxd8 13. Nxe4 Nxe4 14. fxe4 Bb6 15. Bxb6 axb6 16. a3 Ba6 17. Bxa6 Rxa6 18. Rd6 {1-0 (78) Saric,I (2689)-Korobov,A (2685) Biograd 2018}) 9. exd5 {[%emt 0:00:48]} Nxd5 {[%emt 0:00:03]} 10. O-O-O $146 {[%emt 0:02:08]} ({Predecessor:} 10. Nxc6 bxc6 11. Nxd5 cxd5 12. Bb5+ Bd7 13. Bxd7+ Qxd7 14. O-O O-O 15. Rfd1 Rfc8 16. c3 Rab8 17. b4 Rc4 18. a4 Bf6 19. Ra3 Rbc8 20. Bc5 Qc7 21. a5 Rxc5 {0-1 (21) Taban,Y (1646)-Gocer,O (1572) Konya 2017}) 10... Nxe3 {[%emt 0:01:36]} 11. Qxe3 {[%emt 0:00:21]} Bc5 {[%emt 0:00:07]} 12. Bb5 {[%emt 0:01:00]} O-O {[%emt 0:00:09]} 13. Bxc6 {[%emt 0:00:33]} bxc6 {[%emt 0:00:08]} 14. Qe5 {[%emt 0:01:01]} Bxd4 {[%emt 0:00:54]} 15. Rxd4 {[%emt 0:00:11]} Qb6 {[%emt 0:00:41]} 16. Rhd1 {[%emt 0:02:01]} f6 {[%emt 0:00:24]} 17. Qd6 {[%emt 0:01:47]} c5 {[%emt 0:02:30]} 18. Na4 {[%emt 0:01:45]} Qxd6 {[%emt 0:01:11]} 19. Rxd6 {[%emt 0:00:02]} c4 {[%emt 0:00:08]} 20. Rc6 {[%emt 0:00:27]} Bb7 {[%emt 0:00:11]} 21. Rc7 {[%emt 0:01:13]} Bd5 {[%emt 0:00:07]} 22. Nc3 {[%emt 0:00:33]} Rfd8 {[%emt 0:00:01]} 23. Rc5 {[%emt 0:00:26]} Bb7 {[%emt 0:00:13]} 24. Rxd8+ {[%emt 0:00:21]} Rxd8 {[%emt 0:00:01]} 25. Rxc4 {[%emt 0:00:05]} Rd7 {[%emt 0:00:06]} 26. b4 {[%emt 0:00:46]} Kf7 {[%emt 0:00:07]} 27. Na4 {[%emt 0:02:30]} Bd5 {[%emt 0:00:03]} 28. Rd4 $16 {[%emt 0:00:09]} Rc7 {[%emt 0:00:15]} 29. a3 {[%emt 0:00:40]} Rc3 $2 {[%emt 0:20:50]} (29... Ba2 30. Nc5 e5) 1-0